[Event "Titled Tuesday intern op 13th Feb Early"]
[Site "Chess.com INT"]
[Date "2024.02.13"]
[Round "9"]
[White "Miszler, Levente"]
[Black "Amigo Quintana, Antu"]
[Result "0-1"]
[WhiteElo "2269"]
[BlackElo "2040"]
[PlyCount "120"]
[EventDate "2024.02.13"]
[EventType "swiss (blitz)"]
[EventRounds "11"]
[EventCountry "USA"]
[SourceTitle "CB08_2024"]
[SourceDate "2024.02.21"]
[SourceVersion "1"]
[SourceVersionDate "2024.02.21"]
[SourceQuality "1"]

1. c4 e6 2. g3 d5 3. Bg2 dxc4 4. Qa4+ Nd7 5. Qxc4 a6 6. Nf3 b5 7. Qc2 Bb7 8. 0-0 Ngf6 9. d3 Be7 10. b3 0-0 11. Bb2 c5 12. Nbd2 Rc8 13. Rac1 Qb6 14. Qb1 Rfd8 15. Rfd1 h6 16. Qa1 a5 17. a4 bxa4 18. Qxa4 Bc6 19. Qa1 Ra8 20. d4 cxd4 21. Rxc6 Qxc6 22. Nxd4 Qa6 23. Nc6 Bc5 24. Nxd8 Rxd8 25. Nc4 Rb8 26. Qxa5 Qxa5 27. Nxa5 Rb5 28. Bc6 Rxa5 29. Bxd7 Nxd7 30. Rxd7 Ra2 31. Rd2 Bb4 32. Rc2 Kh7 33. Rc4 Rxb2 34. Rxb4 Rxe2 35. Rb7 Rb2 36. b4 Kg6 37. b5 Kf6 38. b6 h5 39. Kf1 g6 40. Rb8 Kf5 41. Ke1 Kg4 42. h4 Kf3 43. Rf8 Rb1+ 44. Kd2 Rxb6 45. Rxf7+ Kg4 46. Rf4+ Kh3 47. Rf6 Kg2 48. Ke3 Rb3+ 49. Ke4 Rb2 50. Ke3 Rb3+ 51. Ke4 Rb2 52. Rxe6 Re2+ 53. Kd5 Rxe6 54. Kxe6 Kxf2 55. Kf6 Kxg3 56. Kg5 Kh3 57. Kxg6 Kxh4 58. Kf5 Kg3 59. Ke4 h4 60. Ke3 h3 0-1

[Event "Titled Tuesday intern op 19th Dec Early"]
[Site "Chess.com INT"]
[Date "2023.12.19"]
[Round "1"]
[White "Miszler, Levente"]
[Black "Srihari, LR."]
[Result "0-1"]
[WhiteElo "2305"]
[BlackElo "2467"]
[PlyCount "71"]
[EventDate "2023.12.19"]
[EventType "swiss (blitz)"]
[EventRounds "11"]
[EventCountry "USA"]
[SourceTitle "CB52_2023"]
[SourceDate "2023.12.27"]
[SourceVersion "1"]
[SourceVersionDate "2023.12.27"]
[SourceQuality "1"]

1. Nf3 d5 2. c4 d4 3. e3 Nc6 4. exd4 Nxd4 5. Nxd4 Qxd4 6. Nc3 Nh6 7. Nb5 Qd8 8. d4 c6 9. Nc3 Nf5 10. Be3 Nxe3 11. fxe3 e5 12. Be2 Qg5 13. Qd3 exd4 14. exd4 Qxg2 15. 0-0-0 Qg5+ 16. Kb1 Bf5 17. Ne4 Qg6 18. Bf3 0-0-0 19. Rhe1 Bb4 20. Re2 Rhe8 21. c5 Bxc5 22. Qc2 Bxd4 23. Nd6+ Rxd6 24. Rxe8+ Kd7 25. Be4 Kxe8 26. Bxf5 Qf6 27. Qe4+ Kf8 28. Re1 g6 29. Bg4 Kg7 30. Re2 h5 31. Bf3 Re6 32. Qd3 Rxe2 33. Qxe2 Qe5 34. Qxe5+ Bxe5 35. Kc2 Bxh2 36. Kd3 0-1

[Event "Titled Tuesday intern op 26th Sep Early"]
[Site "Chess.com INT"]
[Date "2023.09.26"]
[Round "1"]
[White "Miszler, Levente"]
[Black "Mikaelyan, Arman"]
[Result "0-1"]
[WhiteElo "2310"]
[BlackElo "2529"]
[PlyCount "148"]
[EventDate "2023.09.26"]
[EventType "swiss (blitz)"]
[EventRounds "11"]
[EventCountry "USA"]
[SourceTitle "EXT 2024"]
[Source "ChessBase"]
[SourceDate "2023.10.10"]
[SourceVersion "1"]
[SourceVersionDate "2023.10.10"]
[SourceQuality "1"]

1. d4 Nf6 2. c4 d6 3. Nf3 Nc6 4. d5 Nb8 5. Nc3 g6 6. g3 Bg7 7. Bg2 0-0 8. 0-0 a5 9. e4 Na6 10. Be3 e5 11. a3 Ng4 12. Bg5 f6 13. Bd2 Nc5 14. b4 axb4 15. axb4 Rxa1 16. Qxa1 Nb3 17. Qa2 Nxd2 18. Nxd2 f5 19. c5 Bh6 20. cxd6 cxd6 21. Nc4 Nf6 22. Qa5 Qe7 23. Qb6 Rd8 24. exf5 Bxf5 25. Nb5 Bf8 26. Re1 Bd3 27. Bf1 Nxd5 28. Qa5 Bxf1 29. Rxf1 Nf6 30. Re1 e4 31. Nd4 d5 32. Ne3 Rd7 33. b5 Qb4 34. Qxb4 Bxb4 35. Rc1 Kf7 36. Rc8 Ba5 37. Kg2 Bb6 38. Nec2 Rd8 39. Rxd8 Bxd8 40. f3 Bb6 41. fxe4 dxe4 42. Nb3 Nd5 43. Kf1 Kf6 44. Ncd4 Ke5 45. Ne2 Ne3+ 46. Ke1 Nc4 47. Nc3 g5 48. Ke2 h5 49. Na4 Bd4 50. Nbc5 Bxc5 51. Nxc5 b6 52. Nd7+ Ke6 53. Nf8+ Kf7 54. Nd7 Ke7 55. Nb8 Ke6 56. Nc6 Nd6 57. Ke3 Kd5 58. Ne7+ Ke5 59. Nc6+ Kf5 60. Ne7+ Ke6 61. Nc6 Nxb5 62. Kxe4 Nd6+ 63. Kd4 Kf5 64. Ne5 Nb5+ 65. Kd5 Nc7+ 66. Kd6 Ne8+ 67. Kd5 Nf6+ 68. Kd4 Ng4 69. Nf3 Nf6 70. Ne5 b5 71. h4 g4 72. Nc6 Ne4 73. Ne7+ Ke6 74. Nd5 Nxg3 0-1